Sampdoria 1990-1991 - Statistics

Statistiche generali
  • Questo quiz è stato fatto 36 volte
  • Il punteggio medio è 11 su 20
Statistiche sulle risposte
Hint Risposta % Corretto
Attaccante Gianluca Vialli
100%
Attaccante Roberto Mancini
100%
Portiere Gianluca Pagliuca
93%
Attaccante Attilio Lombardo
90%
Difensore Moreno Mannini
83%
Centrocampista Antonio Carlos Cerezo
79%
Difensore Pietro Vierchowod
76%
Centrocampista Fausto Pari
72%
Attaccante Srecko Katanec
66%
Difensore Marco Lanna
52%
Difensore Luca Pellegrini
48%
Portiere Giulio Nuciari
45%
Centrocampista Giuseppe Dossena
38%
Centrocampista Giovanni Invernizzi
34%
Attaccante Marco Branca
24%
Centrocampista Ivano Bonetti
21%
Difensore Michele Mignani
14%
Difensore Nicola Dall'Igna
14%
Centrocampista Umberto Calcagno
10%
Centrocampista Alekseij Mikhaijlichenko
7%
Nessun quiz corrispondente trovato
Distribuzione punteggi
Percentuale di utenti per punteggio
Percentile per numero di risposta
I tuoi punteggi nel tempo
Non hai fatto questo quiz